Omni strain / (Record no. 350165)

000 -LEADER
fixed length control field 00910nam a22003133i 4500
001 - CONTROL NUMBER
control field 15323478
003 - CONTROL NUMBER IDENTIFIER
control field OSt
005 - DATE AND TIME OF LATEST TRANSACTION
control field 20180116183008.0
008 - FIXED-LENGTH DATA ELEMENTS--GENERAL INFORMATION
fixed length control field 810122s1980 nyu 000 1 eng d
010 ## - LIBRARY OF CONGRESS CONTROL NUMBER
LC control number 2008571961
020 ## - INTERNATIONAL STANDARD BOOK NUMBER
International Standard Book Number 0890836892 :
Terms of availability $2.75
020 ## - INTERNATIONAL STANDARD BOOK NUMBER
International Standard Book Number 9780890836897
035 ## - SYSTEM CONTROL NUMBER
System control number (OCoLC)ocm07077753
035 ## - SYSTEM CONTROL NUMBER
System control number (OCoLC)7077753
040 ## - CATALOGING SOURCE
Original cataloging agency VHB
Transcribing agency VHB
Modifying agency DLC
042 ## - AUTHENTICATION CODE
Authentication code lccopycat
050 00 - LIBRARY OF CONGRESS CALL NUMBER
Classification number CPB Box no. 2652 vol. 7
082 ## - DEWEY DECIMAL CLASSIFICATION NUMBER
Classification number 813.54 PAT 1980
100 1# - MAIN ENTRY--PERSONAL NAME
Personal name Patton, Cliff.
245 10 - TITLE STATEMENT
Title Omni strain /
Statement of responsibility, etc. by Cliff Patton.
260 ## - PUBLICATION, DISTRIBUTION, ETC.
Place of publication, distribution, etc. New York :
Name of publisher, distributor, etc. Kensington Pub. Co.,
Date of publication, distribution, etc. 1980.
300 ## - PHYSICAL DESCRIPTION
Extent 377, [7] p. ;
Dimensions 18 cm.
490 0# - SERIES STATEMENT
Series statement Zebra books
655 #7 - INDEX TERM--GENRE/FORM
Genre/form data or focus term Science fiction.
Source of term gsafd
710 2# - ADDED ENTRY--CORPORATE NAME
Corporate name or jurisdiction name as entry element Copyright Paperback Collection (Library of Congress)
Institution to which field applies DLC
906 ## - LOCAL DATA ELEMENT F, LDF (RLIN)
a 7
b cbc
c copycat
d 2
e ncip
f 20
g y-genrareb
942 ## - ADDED ENTRY ELEMENTS (KOHA)
Source of classification or shelving scheme
Koha item type Book
Holdings
Withdrawn status Lost status Source of classification or shelving scheme Damaged status Not for loan Collection code Permanent Location Current Location Shelving location Date acquired Total Checkouts Full call number Barcode Date last seen Price effective from Koha item type
            Central Library (CL) Central Library (CL) Fiction 08/25/2015   813.54 PAT 1980 NBSD-2086 08/25/2015 08/25/2015 Book
© 2023 Central Library, National University of Sciences and Technology. All Rights Reserved.